Embedded Realtime Systems Programming (Record no. 6226)

MARC details
000 -LEADER
fixed length control field 00558nam a22002057a 4500
003 - CONTROL NUMBER IDENTIFIER
control field OSt
005 - DATE AND TIME OF LATEST TRANSACTION
control field 20190815124542.0
008 - FIXED-LENGTH DATA ELEMENTS--GENERAL INFORMATION
fixed length control field 190815b ||||| |||| 00| 0 eng d
020 ## - INTERNATIONAL STANDARD BOOK NUMBER
International Standard Book Number 9780070482845
040 ## - CATALOGING SOURCE
Transcribing agency ddc
082 ## - DEWEY DECIMAL CLASSIFICATION NUMBER
Classification number 004.1 LYE 2004
100 ## - MAIN ENTRY--PERSONAL NAME
Personal name Lyer, Sriram V. ; Gupta, Pankaj
9 (RLIN) 12814
245 ## - TITLE STATEMENT
Title Embedded Realtime Systems Programming
260 ## - PUBLICATION, DISTRIBUTION, ETC. (IMPRINT)
Place of publication, distribution, etc. New York;
Name of publisher, distributor, etc. McGraw hill,
Date of publication, distribution, etc. 2004
300 ## - PHYSICAL DESCRIPTION
Extent xviii,321p;
Other physical details ill:
Dimensions 24cm
504 ## - BIBLIOGRAPHY, ETC. NOTE
Bibliography, etc Index included
650 ## - SUBJECT ADDED ENTRY--TOPICAL TERM
Topical term or geographic name as entry element Embedded systems
9 (RLIN) 5687
650 ## - SUBJECT ADDED ENTRY--TOPICAL TERM
Topical term or geographic name as entry element Programming
9 (RLIN) 496
942 ## - ADDED ENTRY ELEMENTS (KOHA)
Source of classification or shelving scheme Dewey Decimal Classification
Koha item type Book
Holdings
Withdrawn status Lost status Source of classification or shelving scheme Damaged status Not for loan Home library Current library Date acquired Source of acquisition Inventory number Total Checkouts Full call number Barcode Date last seen Koha item type
    Dewey Decimal Classification     Main Kihumuro Campus Main Kihumuro Campus 15/08/2019 Purchase 19/41137   004.1 LYE 2004 2019-0100 15/08/2019 Book
    Dewey Decimal Classification     Main Kihumuro Campus Main Kihumuro Campus 15/08/2019 Purchase 19/41138   004.1 LYE 2004 2019-0101 15/08/2019 Book
    Dewey Decimal Classification     Main Kihumuro Campus Main Kihumuro Campus 15/08/2019 Purchase 19/41139   004.1 LYE 2004 2019-0102 15/08/2019 Book
    Dewey Decimal Classification     Main Kihumuro Campus Main Kihumuro Campus 15/08/2019 Purchase 19/41140   004.1 LYE 2004 2019-0103 15/08/2019 Book
    Dewey Decimal Classification     Main Kihumuro Campus Main Kihumuro Campus 15/08/2019 Purchase 19/41141   004.1 LYE 2004 2019-0104 15/08/2019 Book
    Dewey Decimal Classification     Main Kihumuro Campus Main Kihumuro Campus 15/08/2019 Purchase 19/41142   004.1 LYE 2004 2019-0105 15/08/2019 Book